Riconosci lo Stato - Quiz n°101 - Statistics

Statistiche generali
  • Questo quiz è stato fatto 27 volte
  • Il punteggio medio è 12 su 13
Statistiche sulle risposte
Indizio Risposta % Corretto
Indipendenza Incerta, III-V secolo d.C.
100%
Tasso di crescita -0,3%
95%
ISU 0,925
95%
Popolazione 126 226 568 ab. (
95%
Superficie 377 975 km²
95%
PIL (nominale) 4 971 929 milioni di $
95%
Primo ministro Fumio Kishida
95%
Risposta Giappone
95%
Forma di Governo Monarchia parlamentare
95%
Imperatore Naruhito
95%
Iniziale della Capitale T
95%
Fuso Orario UTC+9
95%
Valuta Yen
95%
Nessun quiz corrispondente trovato
Distribuzione punteggi
Percentuale di utenti per punteggio
Percentile per numero di risposta
I tuoi punteggi nel tempo
Non hai fatto questo quiz